Rāgacikitsā : (Record no. 26714)

MARC details
000 -LEADER
fixed length control field 01169nam a22003135a 4500
005 - DATE AND TIME OF LATEST TRANSACTION
control field 20090523123529.0
008 - FIXED-LENGTH DATA ELEMENTS--GENERAL INFORMATION
fixed length control field 080726s2008 ii a b 001 0 eng
010 ## - LCCN (DPL NO)
LC control number ENG-93670
020 ## - INTERNATIONAL STANDARD BOOK NUMBER
International Standard Book Number 9788189973704
Terms of availability 260.00
020 ## - INTERNATIONAL STANDARD BOOK NUMBER
International Standard Book Number 8189973703
Terms of availability 260.00
035 ## - SYSTEM CONTROL NUMBER
System control number EN-77203
037 ## - SOURCE OF ACQUISITION
Source of stock number/acquisition DBAD / PUB
040 ## - CATALOGING SOURCE
Original cataloging agency dpl
Language of cataloging English
082 ## - DEWEY DECIMAL CLASSIFICATION NUMBER
Classification number 615.851540954
100 ## - MAIN ENTRY--PERSONAL NAME
Personal name Suvarna Nalapat, 1946-
245 ## - TITLE STATEMENT
Title Rāgacikitsā :
Remainder of title (music therapy) /
Statement of responsibility, etc by Suvarna Nalapat.
246 ## - VARYING FORM OF TITLE
Title proper/short title Music therapy
260 ## - PUBLICATION, DISTRIBUTION, ETC. (IMPRINT)
Place of publication, distribution, etc New Delhi
Name of publisher, distributor, etc Readworthy Publications
Date of publication, distribution, etc 2008
270 ## - ADDRESS
Address 4662/21, Ansari Road, Daryaganj,
City New Delhi
Postal code 110002
300 ## - PHYSICAL DESCRIPTION
Extent xx, 264 p
Dimensions 23cm(pbk)
500 ## - GENERAL NOTE
General note Includes index.
546 ## - LANGUAGE NOTE
Language note Includes words in Sanskrit
Information code or alphabet (Sanskrit in roman).
650 ## - SUBJECT ADDED ENTRY--TOPICAL TERM
Topical term or geographic name as entry element Music therapy
Geographic subdivision India
650 ## - SUBJECT ADDED ENTRY--TOPICAL TERM
Topical term or geographic name as entry element Spiritual healing
Geographic subdivision India
General subdivision History.
650 ## - SUBJECT ADDED ENTRY--TOPICAL TERM
Topical term or geographic name as entry element Healing
General subdivision Religious aspects
-- Hinduism
650 ## - SUBJECT ADDED ENTRY--TOPICAL TERM
Topical term or geographic name as entry element Upanishads
942 ## - ADDED ENTRY ELEMENTS (KOHA)
Source of classification or shelving scheme Dewey Decimal Classification
Item type English Books
Classification part 615.851540954
Call number suffix SUV
Holdings
Withdrawn status Lost status Source of classification or shelving scheme Damaged status Not for loan Collection code Home library Current library Date acquired Source of acquisition Cost, normal purchase price Total Checkouts Full call number Barcode Date last seen Copy number Cost, replacement price Koha item type
    Dewey Decimal Classification   Not For Loan Non-fiction D.B.Act.Division D.B.Act.Division 23/05/2009 DBAD / PUB 260.00   615.851540954 SUV EN-77203 23/05/2009 1 260.00 English Books

© Delhi Public Library
Hit Counter
free hit counter